Normal view
MARC view
- Gupta D
Entry Personal Name
001 - CONTROL NUMBER
- control field: 28174
003 - CONTROL NUMBER IDENTIFIER
- control field: OSt
005 - DATE AND TIME OF LATEST TRANSACTION
- control field: 20220803173211.0
008 - FIXED-LENGTH DATA ELEMENTS
- fixed length control field: 220803|| aca||aabn | a|a d
040 ## - CATALOGING SOURCE
- Original cataloging agency: OSt
- Transcribing agency: OSt
100 ## - HEADING--PERSONAL NAME
- Personal name: Gupta D
670 ## - SOURCE DATA FOUND
- Source citation: Work cat.: (OSt)17882: Gupta D, Conservation Briefs : Identification And Documentation Of Built Heritage In India, 2007